| 000 | 00404nam a22001457a 4500 | ||
|---|---|---|---|
| 005 | 20251009113345.0 | ||
| 008 | 251009b |||||||| |||| 00| 0 eng d | ||
| 020 | _a0763714216 | ||
| 082 | _a | ||
| 100 | _aPoor, Belinda | ||
| 245 |
_aEnd of life nursing care _b/End of life nursing care _c Belinda Poor, Gail P. Poirrier |
||
| 260 |
_aCanada _bJones and Bartlett _c2001 |
||
| 300 | _c23cm | ||
| 942 |
_2ddc _cBK _n0 |
||
| 999 |
_c94 _d94 |
||